000 00590nam a2200205Ia 4500
003 GCL
008 140319s9999 xx 000 0 ara d
040 _aGCL /
_cGCL
082 0 4 _a950.42
_bر ا
100 1 _aرومين
245 1 0 _aاسيا المعاصرة: الفعل ورد الفعل /
_cرومين
700 1 _aسامى حسن سرى
300 _a127 ص
490 _aكتاب التحرير السياسى
_v0
650 0 4 _aالعالم العربى
650 0 4 _aالاستقلال
650 0 4 _aالاستعمار
650 0 4 _aاسيا - تاريخ
942 _2ddc
_cBK
999 _c51617
_d51617